[Event "Dos Hermanas"]
[Site "?"]
[Date "1995.??.??"]
[Round "?"]
[White "Shirov, A."]
[Black "Lautier, J."]
[Result "0-1"]
[WhiteElo "2710"]
[BlackElo "2655"]
[PlyCount "81"]
[EventDate "1995.??.??"]
[Source "ChessBase"]
[SourceDate "1995.02.01"]

1. e4 e5 2. Nf3 Nc6 3. Bb5 a6 4. Ba4 d6 5. c3 Bd7 6. d4 Nge7 7. O-O Ng6 8. d5 Nb8 9. Bc2 Be7 10. h3 h6 11. c4 Bg5 12. Nbd2 a5 13. b3 Na6 14. a3 Nc5 15. Rb1 Nf4 16. Ne1 O-O 17. b4 axb4 18. axb4 Na4 19. Rb3 b5 20. Ra3 bxc4 21. h4 Be7 22. g3 Nh3+ 23. Kg2 Nb6 24. Rc3 Qc8 25. Rh1 Ra1 26. Nxc4 Nxc4 27. Rxc4 Bxh4 28. f4 Bxg3 29. Kxg3 Nxf4 30. Rh2 Bb5 31. Rc3 Qd8 32. Qd2 Qg5+ 33. Kf3 Qg1 34. Bd1 f5 35. Rxc7 fxe4+ 36. Kxe4 Be8 37. Rf2 Bg6+ 38. Ke3 Nh3 39. Nf3 Qg3 40. Rg2 Qf4+ 41. Ke2 0-1

[Event "VII Gibtelecom Masters"]
[Site "Caleta ING"]
[Date "2009.02.03"]
[Round "8"]
[White "Ganguly, S."]
[Black "Harikrishna, P."]
[Result "1/2-1/2"]
[WhiteElo "2614"]
[BlackElo "2673"]
[PlyCount "83"]
[EventDate "2009.01.27"]
[Source "www.chesslib.no"]
[SourceDate "2004.05.04"]

1. e4 e5 2. Nf3 Nc6 3. Bb5 a6 4. Ba4 d6 5. c3 Bd7 6. d4 Nge7 7. Be3 h6 8. Nbd2 Ng6 9. h4 Be7 10. h5 Nh4 11. Nxh4 Bxh4 12. d5 Nb8 13. Bxd7+ Nxd7 14. Qg4 Bg5 15. Nf1 Nf6 16. Bxg5 Nxg4 17. Bxd8 Rxd8 18. f3 Nf6 19. g4 Kd7 20. Ng3 Ng8 21. Kd2 Ne7 22. a4 c6 23. c4 a5 24. Rab1 c5 25. Rh2 Ra8 26. Ne2 Ng8 27. Ng3 Nf6 28. Nf5 Rhg8 29. Re1 Ra6 30. Rf2 Nh7 31. f4 f6 32. fxe5 dxe5 33. Rf3 Rb6 34. Kc2 Ng5 35. Rd3 Rb4 36. b3 Rb6 37. Kd2 Ra6 38. Nh4 Rb6 39. Ke3 Rd6 40. Red1 Rb6 41. Ng6 Rd6 42. Rf1 1/2-1/2

[Event "Nussloch"]
[Site "Nussloch"]
[Date "1996.??.??"]
[Round "7"]
[White "Lutz, Christopher"]
[Black "Huebner, Robert"]
[Result "1/2-1/2"]
[WhiteElo "2555"]
[BlackElo "2635"]
[PlyCount "39"]
[EventDate "1996.05.??"]
[Source "ChessBase"]

1. e4 e5 2. Nf3 Nc6 3. Bb5 a6 4. Ba4 d6 5. c3 Bd7 6. d4 Nge7 7. Bb3 h6 8. Nbd2 Ng6 9. Nc4 Be7 10. Ne3 Bg5 11. O-O Bxe3 12. Bxe3 O-O 13. Kh1 Qe7 14. d5 Nb8 15. Nd2 f5 16. exf5 Bxf5 17. Bc2 Nd7 18. c4 Bxc2 19. Qxc2 Nh4 20. f3 1/2-1/2

[Event "Brno"]
[Site "Brno"]
[Date "1993.??.??"]
[Round "8"]
[White "Gofshtein, Leonid D"]
[Black "Malaniuk, Vladimir P"]
[Result "1-0"]
[WhiteElo "2540"]
[BlackElo "2635"]
[PlyCount "134"]
[EventDate "1993.08.??"]
[Source "ChessBase"]

1. e4 e5 2. Nf3 Nc6 3. Bb5 a6 4. Ba4 d6 5. c3 Bd7 6. d4 Nge7 7. Bb3 h6 8. Be3 Ng6 9. Nbd2 Be7 10. O-O Bg5 11. a3 Qf6 12. Re1 Nf4 13. Nf1 Bg4 14. Bxf4 Qxf4 15. Re3 O-O 16. Qd3 Qf6 17. Nxg5 Qxg5 18. Rg3 Qh4 19. Ne3 Bd7 20. Nd5 Rac8 21. f4 Be6 22. Rf1 Kh8 23. dxe5 dxe5 24. f5 Bxd5 25. exd5 Ne7 26. f6 gxf6 27. Bc2 e4 28. Qd4 Ng8 29. Rh3 Qg4 30. Bxe4 Rce8 31. Rxf6 Nxf6 32. Qxf6+ Qg7 33. Rxh6+ Kg8 34. Bh7+ Kh8 35. Qh4 Re1+ 36. Kf2 Rfe8 37. Be4+ Kg8 38. Kxe1 Rxe4+ 39. Qxe4 Qxh6 40. Qg4+ Kf8 41. Qc8+ Kg7 42. Qg4+ Kf8 43. Ke2 Qc1 44. Qc8+ Kg7 45. Qg4+ Kf6 46. Qd4+ Ke7 47. Qe5+ Kd7 48. b4 Qxa3 49. h4 Qc1 50. Qf5+ Ke7 51. Qe5+ Kd7 52. h5 b6 53. Qf5+ Ke7 54. Qe5+ Kd7 55. Qf5+ Ke7 56. Qe4+ Kd6 57. Qc4 Qc2+ 58. Kf3 Qd1+ 59. Kf4 Qc1+ 60. Kf3 Qd1+ 61. Kf4 Qd2+ 62. Kf5 Qc2+ 63. Kf6 Qf2+ 64. Kg7 Qxg2+ 65. Kf8 Qh3 66. Qc6+ Ke5 67. h6 a5 1-0

[Event "Moscow RUS"]
[Site "?"]
[Date "2002.??.??"]
[Round "5"]
[White "Najer Evgeniy"]
[Black "Kharitonov Andrei Y"]
[Result "1/2-1/2"]
[WhiteElo "2616"]
[BlackElo "2546"]
[PlyCount "69"]
[EventDate "2002.??.??"]
[Source "www.chesslib.no"]
[SourceDate "2004.05.04"]

1. e4 e5 2. Nf3 Nc6 3. Bb5 a6 4. Ba4 d6 5. c3 Bd7 6. d4 Nge7 7. Be3 Ng6 8. h4 Be7 9. h5 Nh4 10. Nxh4 Bxh4 11. d5 Nb8 12. Bxd7+ Nxd7 13. Qg4 Bf6 14. Nd2 h6 15. g3 Qe7 16. O-O-O O-O-O 17. Kb1 Kb8 18. Qe2 Bg5 19. f4 exf4 20. gxf4 Bf6 21. Bf2 g5 22. hxg6 fxg6 23. Nc4 g5 24. e5 gxf4 25. e6 Ne5 26. Nxe5 Bxe5 27. Bd4 Bxd4 28. Rxd4 Rdf8 29. Qf3 Qg5 30. Rf1 h5 31. c4 h4 32. Rxf4 Rxf4 33. Qxf4 Qxf4 34. Rxf4 Kc8 35. e7 1/2-1/2

[Event "Ashkhabad"]
[Site "Ashkhabad"]
[Date "1996.??.??"]
[Round "6"]
[White "Korneev, Oleg"]
[Black "Safin, Shukhrat"]
[Result "1-0"]
[WhiteElo "2590"]
[BlackElo "2510"]
[PlyCount "99"]
[EventDate "1996.??.??"]
[Source "ChessBase"]

1. e4 e5 2. Nf3 Nc6 3. Bb5 a6 4. Ba4 d6 5. c3 Bd7 6. d4 Nge7 7. Be3 Ng6 8. h4 Be7 9. h5 Nh4 10. Nxh4 Bxh4 11. d5 Nb8 12. Bxd7+ Nxd7 13. Qg4 Bf6 14. Nd2 Qe7 15. g3 g6 16. O-O-O Bg7 17. hxg6 hxg6 18. Rxh8+ Bxh8 19. Rh1 O-O-O 20. Bg5 Bf6 21. Nf3 Bxg5+ 22. Qxg5 Qf6 23. Qxf6 Nxf6 24. Ng5 Rf8 25. Kd2 Kd7 26. c4 c6 27. Nh7 Nxh7 28. Rxh7 cxd5 29. exd5 b5 30. b4 Ke7 31. Rh1 Rc8 32. Rc1 bxc4 33. Kc3 a5 34. bxa5 Rb8 35. a4 Ra8 36. a6 Rxa6 37. Ra1 Ra5 38. Kb4 Rxd5 39. a5 c3 40. Kxc3 Kd7 41. a6 Rc5+ 42. Kb4 Rc8 43. a7 Ra8 44. Kb5 d5 45. Kb6 d4 46. Kb7 Rxa7+ 47. Rxa7 f5 48. Kb6+ Kd6 49. Kb5 Kd5 50. f3 1-0

[Event "Elista ol (Men)"]
[Site "Elista"]
[Date "1998.10.01"]
[Round "3"]
[White "Sturua, Zurab"]
[Black "Safin, Shukhrat"]
[Result "1-0"]
[WhiteElo "2600"]
[BlackElo "2500"]
[PlyCount "79"]
[EventDate "1998.09.29"]
[Source "ChessBase"]
[SourceDate "1998.11.06"]

1. e4 e5 2. Nf3 Nc6 3. Bb5 a6 4. Ba4 d6 5. c3 Bd7 6. d4 Nge7 7. Bb3 h6 8. Nh4 Nc8 9. Nf5 g6 10. Ng3 Bg7 11. dxe5 dxe5 12. h4 h5 13. Bg5 f6 14. Be3 Qe7 15. Nd2 Nd8 16. f4 Bg4 17. Nf3 exf4 18. Bxf4 Nf7 19. Qd5 Ncd6 20. O-O O-O-O 21. Qc5 Bxf3 22. Bxf7 Qxf7 23. Rxf3 Kb8 24. e5 fxe5 25. Bg5 Qd7 26. Bxd8 Qxd8 27. Qb4 Re8 28. Rd1 a5 29. Qxa5 e4 30. Rf7 Be5 31. Ne2 Bh2+ 32. Kh1 b6 33. Qg5 Qxg5 34. hxg5 Nxf7 35. Kxh2 Kc8 36. Nf4 Nxg5 37. Nxg6 e3 38. Nf4 Ne4 39. Re1 Nf2 40. Kg3 1-0

[Event "Foxwoods Open"]
[Site "Connecticut USA"]
[Date "2008.03.21"]
[Round "5"]
[White "Sadvakasov, Darmen"]
[Black "Hess, Robert L"]
[Result "1/2-1/2"]
[WhiteElo "2617"]
[BlackElo "2481"]
[PlyCount "41"]
[EventDate "2008.03.19"]
[Source "www.chesslib.no"]
[SourceDate "2004.05.04"]

1. e4 e5 2. Nf3 Nc6 3. Bb5 a6 4. Ba4 d6 5. c3 Bd7 6. d4 Nge7 7. Be3 Ng6 8. h4 Nf4 9. Bxf4 exf4 10. Nbd2 g6 11. Bb3 Bh6 12. Qe2 Qe7 13. O-O-O O-O-O 14. Bc2 Rhe8 15. Rde1 f6 16. Kb1 Bg7 17. Qd1 Qf8 18. Nb3 f5 19. Nbd2 fxe4 20. Nxe4 Bg4 21. Ned2 1/2-1/2

[Event "Flamenco Veterans-Women"]
[Site "Marbella"]
[Date "1999.10.24"]
[Round "4"]
[White "Galliamova, Alisa"]
[Black "Hort, Vlastimil"]
[Result "0-1"]
[WhiteElo "2556"]
[BlackElo "2535"]
[PlyCount "92"]
[EventDate "1999.10.21"]
[Source "ChessBase"]
[SourceDate "2000.02.01"]

1. e4 e5 2. Nf3 Nc6 3. Bb5 a6 4. Ba4 d6 5. c3 Bd7 6. d4 Nge7 7. h4 h6 8. Nbd2 Ng6 9. g3 b5 10. Bb3 Be7 11. Nf1 Bf6 12. Ne3 Nge7 13. a3 Qc8 14. Ba2 Qb7 15. d5 Na7 16. Nh2 h5 17. Nf3 c5 18. dxc6 Bxc6 19. Nd5 Nac8 20. Ng5 Nxd5 21. exd5 Bd7 22. O-O Nb6 23. Ne4 Be7 24. f4 Bg4 25. Qc2 f5 26. fxe5 fxe4 27. exd6 Bf6 28. Qxe4+ Kd7 29. Bf4 Rae8 30. Qg6 Rhf8 31. Rae1 Rxe1 32. Rxe1 Nc4 33. Qd3 Qb6+ 34. Kg2 Nxd6 35. b3 Re8 36. Rxe8 Kxe8 37. Bb1 Kd7 38. Qd2 Qc5 39. Bxd6 Qxd6 40. c4 bxc4 41. bxc4 Qxa3 42. Qf2 Qb2 43. Bc2 Qd4 44. Bf5+ Kd6 45. Qf1 Qd2+ 46. Kh1 Qd1 0-1

[Event "Metz"]
[Site "?"]
[Date "2000.??.??"]
[Round "?"]
[White "Galkin, A."]
[Black "Safin, Sh"]
[Result "1-0"]
[WhiteElo "2565"]
[BlackElo "2510"]
[PlyCount "75"]
[EventDate "2000.??.??"]
[Source "Chess Informant"]
[SourceDate "2000.06.01"]

1. e4 e5 2. Nf3 Nc6 3. Bb5 a6 4. Ba4 d6 5. c3 Bd7 6. d4 Nge7 7. Be3 h6 8. Nbd2 Ng6 9. d5 Nb8 10. h4 Be7 11. Bxd7+ Nxd7 12. g3 Ngf8 13. h5 Nh7 14. Nh4 Bg5 15. Nf5 Bxe3 16. Nxe3 Qf6 17. Qe2 Ng5 18. Rh4 Nc5 19. Rg4 g6 20. Rh4 Qe7 21. O-O-O O-O-O 22. Rdh1 Qd7 23. f3 Rhf8 24. Kb1 Kb8 25. Ng4 f5 26. Nxh6 fxe4 27. fxe4 Qg7 28. hxg6 Qxg6 29. Qe3 Nh7 30. Rg4 Qe8 31. Rgh4 Nf6 32. g4 Qb5 33. g5 Nfd7 34. c4 Qa4 35. g6 Nb6 36. g7 Rfe8 37. Rg4 Qb4 38. Qc3 1-0

[Event "Dubai op"]
[Site "Dubai"]
[Date "2001.04.22"]
[Round "7"]
[White "Kunte, Abhijit"]
[Black "Safin, Shukhrat"]
[Result "1/2-1/2"]
[WhiteElo "2568"]
[BlackElo "2504"]
[PlyCount "117"]
[EventDate "2001.04.15"]
[Source "ChessBase"]
[SourceDate "2001.07.05"]

1. e4 e5 2. Nf3 Nc6 3. Bb5 a6 4. Ba4 d6 5. c3 Bd7 6. d4 Nge7 7. Be3 Ng6 8. h4 Be7 9. d5 Nb8 10. g3 c6 11. c4 Bg4 12. Nbd2 O-O 13. Bc2 Nd7 14. Qb1 Nf6 15. Nh2 Bd7 16. Qd1 h5 17. a4 cxd5 18. cxd5 b5 19. axb5 axb5 20. Rxa8 Qxa8 21. Bd3 Qa2 22. Qb3 Ra8 23. Ke2 Bd8 24. Qxa2 Rxa2 25. Rb1 Ng4 26. Nxg4 hxg4 27. Kd1 Kf8 28. Kc2 Ne7 29. Rf1 Ke8 30. f3 gxf3 31. Nxf3 f6 32. h5 Ra8 33. Nh4 Rb8 34. Be2 Kf7 35. g4 Kg8 36. Nf5 Nc8 37. Ra1 Kf7 38. Kb3 Bc7 39. Rc1 Rb7 40. h6 gxh6 41. Rh1 Bb6 42. Bxh6 Bc5 43. Bd2 Ra7 44. Rh7+ Kg8 45. Rg7+ Kh8 46. Rg6 b4 47. Kc2 Ra1 48. Bh6 Ba4+ 49. Kd2 Rb1 50. Bg7+ Kg8 51. Bxf6+ Kf8 52. Nh6 Ne7 53. Rg7 Rxb2+ 54. Kc1 Rxe2 55. Rf7+ Ke8 56. Rxe7+ Kf8 57. Rf7+ Ke8 58. Re7+ Kf8 59. Rf7+ 1/2-1/2

[Event "Open"]
[Site "?"]
[Date "1997.??.??"]
[Round "?"]
[White "Pavlovic Milos"]
[Black "Nikolaidis Ioannis"]
[Result "1/2-1/2"]
[WhiteElo "2505"]
[BlackElo "2565"]
[PlyCount "65"]
[EventDate "1997.??.??"]
[Source "www.chesslib.no"]
[SourceDate "2004.05.04"]

1. e4 e5 2. Nf3 Nc6 3. Bb5 a6 4. Ba4 d6 5. c3 Bd7 6. d4 Nge7 7. Be3 Ng6 8. h4 Be7 9. h5 Nh4 10. Nxh4 Bxh4 11. d5 Nb8 12. Bxd7+ Nxd7 13. Qg4 Bf6 14. Nd2 O-O 15. Nf1 Nc5 16. Rd1 Qd7 17. Qf3 Qd8 18. Qf5 Qc8 19. Ng3 Qxf5 20. exf5 Na4 21. Ne4 Nxb2 22. Rb1 Nc4 23. h6 Nxe3 24. fxe3 Rfb8 25. hxg7 Kxg7 26. Ke2 Be7 27. Rbf1 f6 28. Rf3 Rh8 29. Rg3+ Kf7 30. Rgh3 Kg7 31. Rg3+ Kf7 32. Rgh3 Kg7 33. Rg3+ 1/2-1/2

[Event "Bad Woerishofen op"]
[Site "Bad Woerishofen"]
[Date "1994.??.??"]
[Round "5"]
[White "Mainka, Romuald"]
[Black "Arbakov, Valentin"]
[Result "1-0"]
[WhiteElo "2480"]
[BlackElo "2575"]
[PlyCount "113"]
[EventDate "1994.03.??"]
[Source "ChessBase"]

1. e4 e5 2. Nf3 Nc6 3. Bb5 a6 4. Ba4 d6 5. c3 Bd7 6. d4 Nge7 7. Bb3 h6 8. Be3 g6 9. O-O Bg7 10. dxe5 dxe5 11. a4 O-O 12. a5 Qc8 13. Nbd2 Kh7 14. Re1 Nd8 15. Ba4 Nec6 16. Nb3 Ne6 17. Nc5 Nxc5 18. Bxc5 Rd8 19. Qe2 Be6 20. b4 f6 21. Nd2 Qd7 22. Nf1 Qf7 23. Ne3 Nb8 24. Nd5 Nd7 25. Be3 Bxd5 26. exd5 Qxd5 27. Rad1 Qf7 28. f4 c6 29. f5 gxf5 30. Bc2 e4 31. Rf1 Qg6 32. Bd4 Kh8 33. Qf2 Nf8 34. Qxf5 Qxf5 35. Rxf5 Rd6 36. Re1 Ne6 37. Bxf6 Rd2 38. Bxe4 Ng5 39. h4 Nxe4 40. Bxg7+ Kxg7 41. Rxe4 Rd7 42. Rg4+ Kh7 43. Rf6 Re8 44. Rgg6 h5 45. Rh6+ Kg7 46. Rfg6+ Kf7 47. Rg3 Rd1+ 48. Kh2 Re5 49. Rh7+ Kf6 50. Rxb7 Re4 51. Rb6 Rxh4+ 52. Rh3 Rxh3+ 53. Kxh3 Rd3+ 54. Kh4 Rxc3 55. Kxh5 Ke7 56. Rxa6 Kd7 57. g4 1-0

[Event "Istanbul ol (Men)"]
[Site "Istanbul"]
[Date "2000.11.07"]
[Round "10"]
[White "Nijboer, Friso"]
[Black "Safin, Shukhrat"]
[Result "1/2-1/2"]
[WhiteElo "2537"]
[BlackElo "2518"]
[PlyCount "99"]
[EventDate "2000.10.??"]
[Source "www.chesslib.no"]
[SourceDate "2004.05.04"]

1. e4 e5 2. Nf3 Nc6 3. Bb5 a6 4. Ba4 d6 5. c3 Bd7 6. d4 Nge7 7. Be3 Ng6 8. h4 Be7 9. g3 exd4 10. cxd4 b5 11. Bc2 Nb4 12. h5 Nf8 13. Bb3 c5 14. a3 Nc6 15. Bd5 Rc8 16. dxc5 dxc5 17. Nc3 Ne6 18. Rc1 O-O 19. O-O h6 20. a4 Nc7 21. Bxc6 Bxc6 22. Ne5 Qe8 23. axb5 axb5 24. Qg4 Bf6 25. Nxc6 Qxc6 26. Qf5 c4 27. b3 Rfe8 28. bxc4 bxc4 29. Nd5 Nxd5 30. exd5 Qa6 31. Bf4 Bb2 32. Rcd1 Qf6 33. Qc2 Be5 34. d6 Rcd8 35. d7 Re7 36. Bxe5 Qxe5 37. Qxc4 Qe6 38. Qxe6 Rxe6 39. Rd5 Kf8 40. Rfd1 Ke7 41. Kg2 Rc6 42. Kf3 Rc7 43. Kf4 Rcxd7 44. Rxd7+ Rxd7 45. Rxd7+ Kxd7 46. Ke5 Ke7 47. f3 Kd7 48. f4 Ke7 49. f5 f6+ 50. Ke4 1/2-1/2

[Event "It (Open) INT"]
[Site "?"]
[Date "2006.05.06"]
[Round "?"]
[White "Maslak Konstantin"]
[Black "Filippov Anton"]
[Result "0-1"]
[WhiteElo "2549"]
[BlackElo "2500"]
[PlyCount "128"]
[EventDate "2006.??.??"]
[Source "www.chesslib.no"]
[SourceDate "2004.05.04"]

1. e4 e5 2. Nf3 Nc6 3. Bb5 a6 4. Ba4 d6 5. c3 Bd7 6. d4 Nge7 7. Be3 h6 8. Nbd2 Ng6 9. h4 Be7 10. h5 Nh4 11. Nxh4 Bxh4 12. d5 Nb8 13. Bxd7+ Nxd7 14. Qg4 Bg5 15. Nf1 Nf6 16. Qf3 Qd7 17. b3 Qb5 18. O-O-O a5 19. Kb1 a4 20. b4 Qc4 21. Bxg5 hxg5 22. Nd2 g4 23. Nxc4 gxf3 24. gxf3 Nxh5 25. Kb2 g6 26. Ka3 b6 27. Ne3 Ke7 28. c4 Nf4 29. Rxh8 Rxh8 30. Kxa4 Rh3 31. Kb5 Kd7 32. a4 Rxf3 33. Rf1 Ne2 34. c5 Nc3+ 35. Kc4 Nxe4 36. c6+ Ke7 37. Kb5 f5 38. Ka6 Nxf2 39. Nc4 e4 40. Kb7 Nd3 41. Rh1 e3 42. Rh7+ Kf6 43. Nxe3 Rxe3 44. Rxc7 Nxb4 45. Rd7 Nxd5 46. Rxd6+ Ke5 47. Rxg6 Rc3 48. Rg8 f4 49. Re8+ Kd4 50. Rf8 f3 51. Rf7 Ke4 52. Rf8 Rc2 53. Re8+ Kd4 54. Rf8 f2 55. Rf3 Ke4 56. Rf8 Ke3 57. Re8+ Kd3 58. Rf8 Ke2 59. Re8+ Kd1 60. Rd8 f1=Q 61. Rxd5+ Kc1 62. c7 Qf3 63. Kxb6 Qxd5 64. a5 Qc6+ 0-1

[Event "Open"]
[Site "?"]
[Date "2004.09.08"]
[Round "6"]
[White "Iuldachev Saidali"]
[Black "Barsov Alexei"]
[Result "1/2-1/2"]
[WhiteElo "2550"]
[BlackElo "2497"]
[PlyCount "20"]
[EventDate "2004.??.??"]
[Source "www.chesslib.no"]
[SourceDate "2004.05.04"]

1. e4 e5 2. Nf3 Nc6 3. Bb5 a6 4. Ba4 d6 5. c3 Bd7 6. d4 Nge7 7. dxe5 Nxe5 8. Nxe5 dxe5 9. Bxd7+ Qxd7 10. Qxd7+ Kxd7 1/2-1/2

[Event "Moscow ol (Men)"]
[Site "Moscow"]
[Date "1994.??.??"]
[Round "9"]
[White "Milos, Gilberto"]
[Black "Magomedov, Magaram"]
[Result "1-0"]
[WhiteElo "2575"]
[BlackElo "2450"]
[PlyCount "59"]
[EventDate "1994.11.??"]
[Source "ChessBase"]

1. e4 e5 2. Nf3 Nc6 3. Bb5 a6 4. Ba4 d6 5. c3 Bd7 6. d4 Nge7 7. Be3 Ng6 8. h4 Be7 9. g3 h6 10. d5 Nb8 11. Bc2 Bg4 12. Nbd2 Nd7 13. Nf1 Nf6 14. N1h2 Bd7 15. Nd2 h5 16. a4 a5 17. Nc4 Nf8 18. f3 Bc8 19. Qd2 N8d7 20. b4 axb4 21. cxb4 Nh7 22. Ra3 Bf6 23. Kd1 Qe7 24. Kc1 g5 25. hxg5 Nxg5 26. Qg2 Nf8 27. f4 Bh3 28. Qe2 exf4 29. gxf4 Nxe4 30. Bf2 1-0

[Event "Moscow RUS"]
[Site "?"]
[Date "2006.05.08"]
[Round "7"]
[White "Amonatov Farrukh"]
[Black "Dvalishvili Pavel S"]
[Result "1-0"]
[WhiteElo "2569"]
[BlackElo "2455"]
[PlyCount "85"]
[EventDate "2006.??.??"]
[Source "www.chesslib.no"]
[SourceDate "2004.05.04"]

1. e4 e5 2. Nf3 Nc6 3. Bb5 a6 4. Ba4 d6 5. c3 Bd7 6. d4 Nge7 7. O-O Ng6 8. Re1 b5 9. Bb3 Na5 10. Bc2 Be7 11. a4 c5 12. Nbd2 O-O 13. Nf1 cxd4 14. cxd4 Rc8 15. axb5 Bxb5 16. Ne3 Nc6 17. Nf5 Nxd4 18. N3xd4 exd4 19. Nxd4 Bg5 20. Be3 Qf6 21. Bb3 h6 22. Qd2 Bc4 23. Bxc4 Rxc4 24. Rxa6 Bxe3 25. fxe3 Ne5 26. b3 Rc7 27. Rf1 Qh4 28. Rf4 Qd8 29. h3 d5 30. Ra5 Rc1+ 31. Kh2 Rd1 32. Qxd1 Qxa5 33. Qc2 dxe4 34. Rxe4 Qd5 35. Rf4 Ng6 36. Rf5 Qd6+ 37. Kh1 Ra8 38. Rf1 Qe5 39. Qc4 Rf8 40. Nf5 Ne7 41. Qd4 Nc6 42. Qd7 Nd8 43. Ne7+ 1-0

[Event "It"]
[Site "?"]
[Date "2000.??.??"]
[Round "2"]
[White "Malakhov Vladimir"]
[Black "Novichkov Vadim"]
[Result "1-0"]
[WhiteElo "2593"]
[BlackElo "2414"]
[PlyCount "130"]
[EventDate "2000.??.??"]
[Source "www.chesslib.no"]
[SourceDate "2004.05.04"]

1. e4 e5 2. Nf3 Nc6 3. Bb5 a6 4. Ba4 d6 5. c3 Bd7 6. d4 Nge7 7. Bb3 h6 8. Nbd2 Ng6 9. Nc4 Be7 10. Ne3 O-O 11. O-O Re8 12. Nd5 Bf8 13. dxe5 dxe5 14. a4 Be6 15. Be3 Nce7 16. a5 Nc8 17. Qc2 c6 18. Nb6 Nxb6 19. Bxe6 Rxe6 20. Bxb6 Qf6 21. Rfd1 Bd6 22. Rd2 Nf8 23. Rad1 Qe7 24. c4 Bc7 25. c5 Re8 26. Qc3 Rg6 27. Bxc7 Qxc7 28. Nh4 Rge6 29. Nf5 Kh7 30. Rd3 g6 31. Nd6 Rb8 32. Qd2 f6 33. Nc4 Qf7 34. Rh3 Qg7 35. Nd6 Re7 36. f4 exf4 37. Qxf4 Ne6 38. Qf2 Ng5 39. Re3 Rd8 40. Rf1 Re6 41. h4 Nf7 42. Nf5 Qf8 43. h5 g5 44. Nd4 Rxd4 45. Qf5+ Kg7 46. Qxe6 Ne5 47. Rb3 Rd7 48. Rc3 Re7 49. Qf5 Rd7 50. Rc2 Qd8 51. Rcf2 Rf7 52. Kh1 Qd4 53. b4 Qe3 54. Qe6 Qxe4 55. Rd2 Qh4+ 56. Qh3 Qxb4 57. Rd8 g4 58. Qe3 Qxa5 59. Rc8 Qa4 60. Re8 Qc4 61. Rd1 Nd7 62. Re4 Qxc5 63. Rxg4+ Kh7 64. Qe4+ f5 65. Qe6 fxg4 1-0

[Event "Calviá ol (Men)"]
[Site "Mallorca"]
[Date "2004.10.26"]
[Round "11.13"]
[White "Berg, Emanuel"]
[Black "Filippov, Anton"]
[Result "0-1"]
[WhiteElo "2529"]
[BlackElo "2475"]
[PlyCount "170"]
[EventDate "2004.10.15"]
[Source "Roberto Alvarez"]
[SourceDate "2004.10.25"]

1. e4 e5 2. Nf3 Nc6 3. Bb5 a6 4. Ba4 d6 5. c3 Bd7 6. d4 Nge7 7. Be3 Ng6 8. h4 Be7 9. g3 h6 10. Nbd2 Bf6 11. d5 Nce7 12. Bxd7+ Qxd7 13. c4 c5 14. b4 cxb4 15. Qb3 a5 16. a3 bxa3 17. h5 Nf8 18. c5 Nh7 19. Nc4 Nc8 20. cxd6 O-O 21. Nfxe5 Bxe5 22. Nxe5 Qxd6 23. Nd3 Re8 24. e5 Rxe5 25. Nxe5 Qxe5 26. O-O Nf6 27. Qxb7 Rb8 28. Qc6 Ne7 29. Qc5 Rc8 30. Bf4 Qe4 31. Qe3 Nexd5 32. Qxe4 Nxe4 33. Bc1 Ndc3 34. Kg2 a2 35. f3 Nd6 36. Bd2 Nc4 37. Rf2 Nxd2 38. Rxd2 Rb8 39. Rc2 Rb3 40. Rxc3 Rxc3 41. Rxa2 Rc5 42. g4 Kf8 43. Kf2 Re5 44. Kg3 Ke7 45. Kf4 Rb5 46. Re2+ Kd7 47. Rd2+ Kc7 48. Ra2 Kb6 49. Ke4 f6 50. f4 Kc6 51. Ra1 Rc5 52. Ra2 Rb5 53. Ra1 Kd6 54. Rd1+ Ke7 55. Rc1 Rb7 56. Kd5 a4 57. Re1+ Kd7 58. Ra1 Rb4 59. f5 Rxg4 60. Rb1 Kc7 61. Rb5 Rf4 62. Ke6 Kc6 63. Ra5 Kb6 64. Ra8 Kb5 65. Ra7 Rg4 66. Rb7+ Kc4 67. Ra7 Kb5 68. Kf7 Rg3 69. Rb7+ Kc6 70. Ra7 a3 71. Ke6 Kb6 72. Ra8 Kc5 73. Ra7 Kb4 74. Kf7 Kb3 75. Rb7+ Kc2 76. Ra7 Kb2 77. Rb7+ Ka2 78. Kg8 Ka1 79. Rxg7 Rxg7+ 80. Kxg7 a2 81. Kxh6 Kb1 82. Kg7 a1=Q 83. h6 Qa7+ 84. Kg6 Qe7 85. h7 Qf8 0-1

[Event "Ano Liosia op"]
[Site "Athens"]
[Date "1998.01.07"]
[Round "5"]
[White "Kotronias, Vasilios"]
[Black "Cvetkovic, Srdjan"]
[Result "1/2-1/2"]
[WhiteElo "2570"]
[BlackElo "2430"]
[PlyCount "119"]
[EventDate "1998.01.03"]
[Source "ChessBase"]
[SourceDate "1998.03.09"]

1. e4 e5 2. Nf3 Nc6 3. Bb5 a6 4. Ba4 d6 5. c3 Bd7 6. d4 Nge7 7. Bb3 h6 8. Nh4 Ng6 9. Nxg6 fxg6 10. O-O Qh4 11. f4 O-O-O 12. Be3 g5 13. d5 Na5 14. g3 Qh3 15. fxe5 dxe5 16. Nd2 Bd6 17. Qe2 Bg4 18. Qd3 Nxb3 19. axb3 Qh5 20. Rfe1 Rdf8 21. b4 Rf6 22. b5 Rhf8 23. bxa6 bxa6 24. Rxa6 Kd7 25. Qb5+ Ke7 26. Bc5 Kf7 27. Bxd6 cxd6 28. Rf1 Rxf1+ 29. Qxf1+ Kg8 30. Qe1 Qf7 31. Qe3 Bh3 32. Ra1 Qb7 33. b4 Qb5 34. g4 Bxg4 35. Ra5 Qd7 36. Kg2 Qf7 37. Kh1 Qh5 38. b5 Bh3 39. Ra1 Qg4 40. Rg1 Qc8 41. b6 g4 42. Ra1 Kh7 43. c4 Rf6 44. Rb1 Rf7 45. Ra1 Rf6 46. Kg1 Rf4 47. Rb1 Rf7 48. Qa3 Qb8 49. c5 dxc5 50. Qxc5 Qb7 51. Qa3 Qc8 52. Rc1 Qd8 53. Qe3 Qa8 54. d6 Qa2 55. Qc3 Qa6 56. Qe3 Qa2 57. Qd3 Qa5 58. Qe3 Qa2 59. Qd3 Qa5 60. Qe3 1/2-1/2

[Event "United States of America"]
[Site "United States of America"]
[Date "1986.??.??"]
[Round "?"]
[White "Rohde, Michael A"]
[Black "Kogan, Boris M"]
[Result "1-0"]
[WhiteElo "2500"]
[BlackElo "2495"]
[PlyCount "75"]
[EventDate "1986.??.??"]
[Source "www.chesslib.no"]
[SourceDate "2004.05.04"]

1. e4 e5 2. Nf3 Nc6 3. Bb5 a6 4. Ba4 d6 5. c3 Bd7 6. d4 Nge7 7. O-O Ng6 8. Re1 Be7 9. Nbd2 h6 10. Nf1 Bg5 11. Ne3 Bxe3 12. Bxe3 O-O 13. Nd2 Qe7 14. Bc2 Kh8 15. Qh5 Qf6 16. Qf3 Qxf3 17. Nxf3 f5 18. exf5 Bxf5 19. Bxf5 Rxf5 20. dxe5 Ngxe5 21. Nxe5 Rxe5 22. Bd4 Ree8 23. f3 Kg8 24. Kf1 Kf7 25. Bf2 a5 26. a4 Rab8 27. Rxe8 Rxe8 28. Re1 Rb8 29. Re4 Nd8 30. c4 Ne6 31. Ke2 Rd8 32. Be3 d5 33. cxd5 Rxd5 34. b4 axb4 35. Rxb4 b6 36. Rb5 Nd4+ 37. Bxd4 Rxd4 38. a5 1-0

[Event "Cheliabinsk"]
[Site "Cheliabinsk"]
[Date "1993.??.??"]
[Round "?"]
[White "Ulibin, Mikhail"]
[Black "Magomedov, Magaram"]
[Result "1/2-1/2"]
[WhiteElo "2560"]
[BlackElo "2435"]
[PlyCount "77"]
[EventDate "1993.12.??"]
[Source "ChessBase"]

1. e4 e5 2. Nf3 Nc6 3. Bb5 a6 4. Ba4 d6 5. c3 Bd7 6. d4 Nge7 7. O-O Ng6 8. Be3 Be7 9. Nbd2 Bf6 10. a3 O-O 11. b4 exd4 12. cxd4 b5 13. Bc2 a5 14. Rb1 axb4 15. axb4 d5 16. exd5 Nce7 17. Be4 Bf5 18. Bxf5 Nxf5 19. Ne4 Qxd5 20. Nxf6+ gxf6 21. Rc1 c6 22. Rc5 Nxe3 23. fxe3 Qe4 24. Qb3 Rfe8 25. Rc3 Ra4 26. Nd2 Qe6 27. Qxe6 Rxe6 28. Nb3 Ra3 29. Ra1 Rxa1+ 30. Nxa1 Ne7 31. Nc2 Nd5 32. Ra3 f5 33. g3 Nf6 34. Kg2 Kg7 35. Ra8 Nd5 36. Kf3 Rh6 37. Kg2 Re6 38. Kf3 Rh6 39. Kg2 1/2-1/2

[Event "DEM Stichkampf"]
[Site "DEM Binz Stichkampf"]
[Date "1995.??.??"]
[Round "30"]
[White "Lutz, Christopher"]
[Black "Zude, Arno"]
[Result "1-0"]
[WhiteElo "2560"]
[BlackElo "2430"]
[PlyCount "93"]
[EventDate "1995.??.??"]
[Source "www.chesslib.no"]
[SourceDate "2004.05.04"]

1. e4 e5 2. Nf3 Nc6 3. Bb5 a6 4. Ba4 d6 5. c3 Bd7 6. d4 Nge7 7. Bb3 h6 8. Nbd2 Ng6 9. Nc4 Be7 10. Ne3 Bg5 11. Nxg5 hxg5 12. d5 Nb8 13. Bc2 a5 14. c4 Kf8 15. Bd2 Nf4 16. g3 Nh3 17. Qf3 b6 18. Qe2 g6 19. f3 Kg7 20. Ng2 Na6 21. f4 gxf4 22. gxf4 exf4 23. O-O-O g5 24. e5 dxe5 25. Qxe5+ f6 26. Qd4 Qe7 27. Rde1 Qf7 28. Bxf4 gxf4 29. Nxf4 Nxf4 30. Qxf4 Kf8 31. d6 Be6 32. Rhf1 Nc5 33. dxc7 Rh5 34. Qd6+ Kg7 35. Rg1+ Kh8 36. Bg6 Qf8 37. Qxf8+ Rxf8 38. Bxh5 Nd3+ 39. Kd2 Nxe1 40. Rxe1 Bc8 41. Re7 f5 42. Ke3 f4+ 43. Kf2 Kg8 44. Bf3 Kh8 45. b3 Kg8 46. Bd5+ Kh8 47. Be6 1-0